000 00681nam a22002297a 4500
003 UA-OsUOA
001 59792
007 ta
008 20090427b un ||||| |||| 00| 0 ukr d
090 _a94(477+43.8)
_bУ45
942 _cBK
040 _aUA-OsUOA
_bukr
_cUA-OsUOA
_dUA-OsUOA
245 _aУкраїна-Польща: важкі питання
_bМатеріали 7 Міжнародного наукового семінару
300 _a300 с.
955 _a2
041 _aukr
080 _a94(477+43.8)
020 _a978-966-361-316-1
260 _aЛуцьк
_c2009
650 7 _a9 Географія. Біографії. Історія
_2UDC
999 _c345875
_d345875